Which Country Has the Bigger Military? #2 - Statistics

General Stats
  • This quiz has been taken 11 times
  • The average score is 6 of 15
Answer Stats
Question Answer % Correct
Which country has the bigger military? Qatar
100%
Which country has the bigger military? Kuwait
67%
Which country has the bigger military? United States
67%
Which country has the bigger military? Croatia
56%
Which country has the bigger military? Romania
56%
Which country has the bigger military? Turkey
56%
Which country has the bigger military? Burundi
33%
Which country has the bigger military? Morocco
33%
Which country has the bigger military? Austria
22%
Which country has the bigger military? Jordan
22%
Which country has the bigger military? Laos
22%
Which country has the bigger military? Myanmar
22%
Which country has the bigger military? Philippines
22%
Which country has the bigger military? Venezuela
22%
Which country has the bigger military? Ethiopia
0%
No matching quizzes found
Score Distribution
Percent of People with Each Score
Percentile by Number Answered
Your Score History
You have not taken this quiz